[Event "Ä13Ï"]
[Site "Loo"]
[Date "2017.04.22"]
[Round "3.11"]
[White "Êîâòóí, Òàòüÿíà."]
[Black "Ìàòòåó, Ñîôèÿ."]
[Result "1/2-1/2"]
[WhiteElo "1459"]
[BlackElo "1346"]
[PlyCount "79"]
[EventDate "2017.04.20"]

1. d4 c5 2. c3 Nc6 3. Nf3 e6 4. e3 Nf6 5. Bd3 d5 6. Nbd2 c4 7. Bc2 Be7 8. O-O
O-O 9. e4 b5 10. exd5 exd5 11. h3 h6 12. Re1 Be6 13. Nf1 Qc7 14. Ne3 b4 15. Bd2
bxc3 16. Bxc3 Bb4 17. Qd2 Bxc3 18. bxc3 Rab8 19. Rab1 Rxb1 20. Rxb1 Rb8 21. Qc1
Rxb1 22. Qxb1 Qb6 23. Qxb6 axb6 24. Nd2 Kf8 25. f3 b5 26. a3 g6 27. Ndf1 Nh5
28. Kf2 Kg7 29. Ng3 Nxg3 30. Kxg3 Kf6 31. f4 Ne7 32. Kf3 Kg7 33. g4 f5 34. gxf5
Bxf5 35. Bxf5 gxf5 36. Nc2 Nc6 37. Ne3 Ne7 38. Nc2 Nc6 39. Ne3 Ne7 40. Nc2
1/2-1/2

[Event "Ä13Ï"]
[Site "Loo"]
[Date "2017.04.22"]
[Round "3.12"]
[White "Ìíåÿí, Ðèïñèìå."]
[Black "Êóðãàíîâà, Åëåíà."]
[Result "1-0"]
[WhiteElo "1345"]
[BlackElo "1453"]
[PlyCount "63"]
[EventDate "2017.04.20"]

1. e4 c5 2. d4 cxd4 3. c3 dxc3 4. Nxc3 Nc6 5. Nf3 d6 6. h3 e6 7. Bd3 Be7 8. Be3
Nf6 9. O-O O-O 10. a3 a6 11. Bc2 e5 12. Qe2 Be6 13. b4 b5 14. Bd3 Rc8 15. Rac1
Qd7 16. Kh1 Rfd8 17. Rfd1 Qb7 18. Qd2 d5 19. exd5 Bxd5 20. Nxd5 Nxd5 21. Be4
Nxe3 22. Qxe3 Rxd1+ 23. Rxd1 Qb8 24. Rc1 Nd8 25. Rxc8 Qxc8 26. Qd3 h6 27. g3
Qc7 28. Qd5 Bf6 29. Qa8 Qc3 30. Qxa6 Ne6 31. Qxb5 Nd4 32. Qe8# 1-0

[Event "Ä13Ï"]
[Site "Loo"]
[Date "2017.04.22"]
[Round "3.13"]
[White "Çàðêîâà, Åëèçàâåòà."]
[Black "Òîëñòûõ, Àðèíà."]
[Result "0-1"]
[WhiteElo "1290"]
[BlackElo "1439"]
[PlyCount "110"]
[EventDate "2017.04.20"]

1. d4 d5 2. c4 e6 3. Nc3 c6 4. cxd5 exd5 5. Bf4 Bd6 6. Bg3 Nf6 7. e3 Bf5 8. Bd3
Bxd3 9. Qxd3 O-O 10. Nf3 Bxg3 11. hxg3 Qe7 12. Ne5 h6 13. O-O-O Nbd7 14. Nxd7
Qxd7 15. f3 Rfe8 16. g4 Nh7 17. e4 dxe4 18. Nxe4 Qe7 19. Rh5 Rad8 20. Re1 Ng5
21. Qe3 Qb4 22. Rd1 Qc4+ 23. Kb1 c5 24. d5 Nxe4 25. fxe4 Rxe4 26. Qf3 Rf4 27.
Qe3 Rxg4 28. Qe7 Qe4+ 29. Qxe4 Rxe4 30. d6 b6 31. Rh3 Rd7 32. Ra3 Re2 33. g3
Rg2 34. Re3 Kf8 35. Rde1 f6 36. Re8+ Kf7 37. R8e7+ Rxe7 38. Rxe7+ Kf8 39. Rxa7
Rd2 40. Ra8+ Kf7 41. Ra7+ Ke6 42. Rxg7 Rxd6 43. Rg6 h5 44. Rh6 Rd5 45. Kc2 Rg5
46. a4 Rxg3 47. Rxh5 Rg4 48. b3 Rb4 49. Kc3 f5 50. Rh8 f4 51. Ra8 Kd5 52. a5
bxa5 53. Rxa5 f3 54. Ra1 Ke4 55. Rb1 f2 0-1

[Event "Ä13Ï"]
[Site "Loo"]
[Date "2017.04.22"]
[Round "3.14"]
[White "Ìèõàéëèíà, Åëåíà."]
[Black "Çàáàâñêàÿ, Äàðèÿ."]
[Result "1-0"]
[WhiteElo "1641"]
[BlackElo "1220"]
[PlyCount "119"]
[EventDate "2017.04.20"]

1. e4 e5 2. Bc4 Nf6 3. d3 Bc5 4. Nf3 O-O 5. O-O d5 6. exd5 Nxd5 7. Nxe5 Nb6 8.
Bb3 Qf6 9. d4 Bd6 10. Nc4 Nxc4 11. Bxc4 Nc6 12. c3 b6 13. Nd2 Bb7 14. Ne4 Qg6
15. Nxd6 Qxd6 16. Re1 Qg6 17. Bd3 Qd6 18. Be3 f5 19. f3 Rad8 20. Qc2 Ne7 21.
Bg5 Rde8 22. Bxe7 Rxe7 23. Bxf5 g6 24. Rxe7 Qxe7 25. Be4 Ba6 26. Bd5+ Kg7 27.
Qe4 Re8 28. Re1 Qxe4 29. Rxe4 Rxe4 30. fxe4 Kf8 31. Kf2 Ke7 32. Kf3 Kd6 33. Kf4
h6 34. Bf7 Bf1 35. g3 g5+ 36. Kf5 Bd3 37. Kg6 Bxe4+ 38. Kxh6 g4 39. Kg5 Bf3 40.
Bh5 Bd5 41. a3 c5 42. dxc5+ bxc5 43. Bxg4 Bg8 44. h4 Kd5 45. h5 Kc4 46. Kf6 Kb3
47. Be6+ Bxe6 48. Kxe6 Kxb2 49. h6 Kxc3 50. h7 Kb3 51. h8=Q c4 52. Qa1 Kc2 53.
Kd5 a5 54. Kxc4 a4 55. Qc3+ Kd1 56. Qb2 Ke1 57. Kd3 Kf1 58. Ke3 Kg1 59. Kf3 Kh1
60. Qg2# 1-0

[Event "Ä13Ï"]
[Site "Loo"]
[Date "2017.04.22"]
[Round "3.15"]
[White "Ëåáåäåâà, Óëüÿíà."]
[Black "Àéðàïåòÿí, Àíæåëèêà."]
[Result "1/2-1/2"]
[WhiteElo "1560"]
[BlackElo "1362"]
[PlyCount "96"]
[EventDate "2017.04.20"]

1. d4 d5 2. Nf3 Bf5 3. Bf4 e6 4. e3 Bd6 5. Bxd6 Qxd6 6. c3 Nf6 7. Bd3 O-O 8.
O-O b6 9. Qc2 Be4 10. Nbd2 Bxd3 11. Qxd3 c5 12. Ne5 Nbd7 13. Ndf3 Ne4 14. Nxd7
Qxd7 15. Ne5 Qc7 16. Rfc1 c4 17. Qc2 Kh8 18. b3 f6 19. Nf3 Rac8 20. b4 b5 21.
a4 a6 22. Nd2 Nd6 23. Ra2 g5 24. Rca1 Qg7 25. axb5 axb5 26. Ra7 Rf7 27. Qa2 h5
28. Qa6 Rd8 29. Rxf7 Qxf7 30. Qa7 Rd7 31. Qb8+ Kh7 32. Ra8 Kg6 33. Ra6 Qe7 34.
h3 e5 35. Qg8+ Kh6 36. Qh8+ Kg6 37. Qg8+ Kh6 38. Qxd5 Rd8 39. Qc5 exd4 40. Qxd4
Ne8 41. Qe4 Qd7 42. Ra2 Qd3 43. Qxd3 Rxd3 44. Rc2 Nd6 45. Kf1 f5 46. Ke2 Ne4
47. Nxe4 fxe4 48. f3 exf3+ 1/2-1/2

[Event "Ä13Ï"]
[Site "Loo"]
[Date "2017.04.22"]
[Round "3.16"]
[White "Âèåðó, ßíà."]
[Black "Íîâîæèëîâà, Ïîëèíà."]
[Result "1/2-1/2"]
[WhiteElo "1350"]
[BlackElo "1559"]
[PlyCount "111"]
[EventDate "2017.04.20"]

1. d4 d5 2. c4 e6 3. Nf3 Nf6 4. g3 Nbd7 5. Bg2 dxc4 6. Qc2 Nb6 7. O-O Be7 8.
Na3 Bxa3 9. bxa3 Bd7 10. Ne5 Ba4 11. Qd2 c6 12. Bb2 Nfd5 13. e4 Ne7 14. Qf4 f6
15. Nf3 O-O 16. Qg4 f5 17. Qh3 Rf6 18. Qh4 Ng6 19. Qh5 Nh8 20. Bc1 Nf7 21. Ng5
h6 22. Nxf7 Rxf7 23. Be3 Qe7 24. exf5 exf5 25. Bh3 Bc2 26. Rac1 Bd3 27. Rfe1
Qd6 28. Red1 Nd5 29. Bd2 Re8 30. Re1 Rxe1+ 31. Rxe1 Qd7 32. Qg6 Ne7 33. Qh5
Qxd4 34. Qf3 Be4 35. Qc3 Qxc3 36. Bxc3 Nd5 37. Bd4 b6 38. Rc1 c5 39. Be5 Re7
40. f4 b5 41. Bd6 Re6 42. Bxc5 a5 43. Bf1 Kf7 44. a4 Rc6 45. Bd4 b4 46. Bxc4
Kg6 47. Bb2 Nb6 48. Bb5 Rxc1+ 49. Bxc1 Bc2 50. Be3 Nd5 51. Bc5 Nc3 52. Bc4 Nxa4
53. Bd4 Nc3 54. a3 Ne4 55. axb4 axb4 56. Bd5 1/2-1/2

[Event "Ä13Ï"]
[Site "Loo"]
[Date "2017.04.22"]
[Round "3.17"]
[White "Òóìàøåâè÷, Åëèçàâåòà."]
[Black "Ãóðîâà, Òàòüÿíà."]
[Result "1/2-1/2"]
[WhiteElo "1506"]
[BlackElo "1348"]
[PlyCount "89"]
[EventDate "2017.04.20"]

1. f4 d5 2. Nf3 Nf6 3. e3 Bg4 4. Be2 e6 5. O-O Bd6 6. b3 O-O 7. Bb2 Nbd7 8. Ne5
Bxe2 9. Qxe2 Bxe5 10. fxe5 Ne8 11. Qg4 c5 12. d4 b6 13. Nd2 Nc7 14. e4 cxd4 15.
Bxd4 Rc8 16. exd5 Nxd5 17. c4 Ne7 18. Bc3 Nf5 19. Qf3 Nxe5 20. Bxe5 Qxd2 21.
Bf4 Qd4+ 22. Kh1 Qd8 23. g4 Nd4 24. Qe4 Nc6 25. Rad1 Qh4 26. Bg3 Qg5 27. h4 Qg6
28. Qf3 f6 29. Rd6 Ne5 30. h5 Qxg4 31. Qxg4 Nxg4 32. Rxe6 Rce8 33. Rfe1 Kf7 34.
Rxe8 Rxe8 35. Rxe8 Kxe8 36. Bb8 a6 37. Ba7 b5 38. cxb5 axb5 39. a4 bxa4 40.
bxa4 Kd7 41. a5 Kc6 42. Bb6 Kb5 43. Kg2 Ne5 44. Bd8 Nc6 45. h6 1/2-1/2

[Event "Ä13Ï"]
[Site "Loo"]
[Date "2017.04.22"]
[Round "3.18"]
[White "Áàëàíäèíà, Àëèñà."]
[Black "Àôîíàñüåâà, Âàëåðèÿ."]
[Result "0-1"]
[WhiteElo "1333"]
[BlackElo "1498"]
[PlyCount "118"]
[EventDate "2017.04.20"]

1. e4 c6 2. d4 d5 3. Nc3 dxe4 4. Nxe4 Bf5 5. Ng3 Bg6 6. N1e2 Nd7 7. Nf4 e5 8.
Nxg6 hxg6 9. Qe2 Qe7 10. dxe5 Qxe5 11. Be3 Bc5 12. O-O-O Bxe3+ 13. fxe3 O-O-O
14. Qf2 Ngf6 15. h3 Rhe8 16. Re1 Nb6 17. Kb1 Re7 18. b3 Red7 19. Bd3 Nfd5 20.
Ne4 f5 21. Qg3 Qe7 22. Nf2 Qa3 23. Qe5 Na4 24. Nd1 Ndc3+ 25. Qxc3 Nxc3+ 26.
Nxc3 Qc5 27. Kb2 Qe5 28. e4 f4 29. Rhf1 g5 30. Rf3 Rf8 31. Ref1 a5 32. a3 b5
33. b4 axb4 34. axb4 Ra7 35. g3 Kb7 36. gxf4 Rxf4 37. Rxf4 gxf4 38. Rf3 g5 39.
Kb3 Ra8 40. Rf1 Rh8 41. Rf3 Rh4 42. Bf1 g4 43. hxg4 Rxg4 44. Be2 Rg3 45. Rd3
Rxd3 46. Bxd3 f3 47. Nd1 Qf4 48. c3 f2 49. Nxf2 Qxf2 50. Bc2 Qf7+ 51. Kb2 Qc4
52. Bb1 c5 53. bxc5 Qxc5 54. Bc2 Kb6 55. Bb3 Ka5 56. Bd5 b4 57. cxb4+ Kxb4 58.
Kb1 Ka3 59. Bf7 Qc3 0-1

[Event "Ä13Ï"]
[Site "Loo"]
[Date "2017.04.22"]
[Round "3.19"]
[White "Îíäàð, Øóðó."]
[Black "Íàçàðîâà, Àíàñòàñèÿ."]
[Result "0-1"]
[WhiteElo "1449"]
[BlackElo "1344"]
[PlyCount "120"]
[EventDate "2017.04.20"]

1. d4 Nf6 2. Bg5 c5 3. c3 e6 4. Nf3 Nc6 5. e3 h6 6. Bf4 Be7 7. Nbd2 O-O 8. Bd3
a6 9. O-O b5 10. h3 c4 11. Be4 Nxe4 12. Nxe4 d5 13. Nc5 Qb6 14. b4 cxb3 15.
Nxb3 Bb7 16. Ne5 Nxe5 17. Bxe5 Rac8 18. Nc5 Bxc5 19. dxc5 Qc6 20. Qg4 f6 21.
Bd6 Rfe8 22. f4 Qd7 23. Qh5 Qf7 24. Qxf7+ Kxf7 25. Kh2 Kg6 26. g4 e5 27. fxe5
fxe5 28. h4 Re6 29. Rf5 a5 30. a3 e4 31. Raf1 Rf6 32. h5+ Kf7 33. Rxf6+ gxf6
34. Kg3 Rc6 35. Rf5 Rc8 36. Be5 Rc6 37. Kf4 Bc8 38. Bd4 Bxf5 39. Kxf5 Ra6 40.
Kf4 Ke6 41. Kg3 Ra8 42. c6 Rc8 43. Bb6 Rxc6 44. Bxa5 Ke5 45. Bb4 Rc8 46. Ba5
Ra8 47. Bb4 Rg8 48. Kh4 f5 49. gxf5 Kxf5 50. Bc5 Rg1 51. Bd4 Rh1+ 52. Kg3 Rxh5
53. Bc5 Rh1 54. Kg2 Rc1 55. Bd4 h5 56. Kg3 Kg5 57. Be5 h4+ 58. Kh3 Rf1 59. Bd4
Rf3+ 60. Kg2 Kg4 0-1

[Event "Ä13Ï"]
[Site "Loo"]
[Date "2017.04.22"]
[Round "3.20"]
[White "Òèìîôååâà, Þëèÿ."]
[Black "Ñóìàðîêîâà, Âåðà."]
[Result "1-0"]
[WhiteElo "1427"]
[BlackElo "1300"]
[PlyCount "115"]
[EventDate "2017.04.20"]

1. e4 e5 2. Nf3 Nc6 3. Nc3 Nf6 4. Bb5 a6 5. Ba4 b5 6. Bb3 Bc5 7. O-O d6 8. d3
Be6 9. Bg5 h6 10. Bh4 g5 11. Bg3 Bg4 12. Nd5 Nd4 13. c3 Nxf3+ 14. gxf3 Bh3 15.
Re1 h5 16. d4 c6 17. Nxf6+ Qxf6 18. dxc5 O-O-O 19. cxd6 Rxd6 20. Qe2 Rd7 21.
Red1 Rh7 22. Rxd7 Kxd7 23. Rd1+ Kc7 24. Qe3 Kb7 25. Bxe5 Qxe5 26. f4 gxf4 27.
Qxh3 Rg7+ 28. Kf1 Qxe4 29. Qd7+ Kb6 30. Qd4+ Qxd4 31. Rxd4 f3 32. Rh4 Rh7 33.
Bd1 Kc5 34. Bxf3 Kd6 35. Rxh5 Rxh5 36. Bxh5 f6 37. Ke2 Ke5 38. b4 Kd5 39. Kd3
c5 40. Bf3+ Kd6 41. a3 c4+ 42. Kd4 Ke6 43. Bb7 Kf5 44. Bxa6 Kf4 45. Bxb5 Kf3
46. Bxc4 Kxf2 47. h4 Kg3 48. h5 f5 49. h6 f4 50. h7 f3 51. h8=Q f2 52. Qg7+ Kf3
53. Qf6+ Kg3 54. Qg5+ Kf3 55. Qf5+ Kg2 56. Qg4+ Kh2 57. Bf1 Kh1 58. Qg2# 1-0

[Event "Ä13Ï"]
[Site "Loo"]
[Date "2017.04.22"]
[Round "3.21"]
[White "Ãàåð, Ìàðãàðèòà."]
[Black "Ïîêàñîâà, Èðèíà."]
[Result "1-0"]
[WhiteElo "1421"]
[BlackElo "1298"]
[PlyCount "91"]
[EventDate "2017.04.20"]

1. e4 c5 2. Nf3 d6 3. d4 cxd4 4. Qxd4 Nc6 5. Bb5 Bd7 6. Bxc6 bxc6 7. c4 c5 8.
Qd3 g6 9. Nc3 Nf6 10. O-O Bg7 11. h3 O-O 12. Be3 Rb8 13. Qc2 Qc7 14. Rad1 Bc6
15. Rd2 Qb7 16. Nd5 e6 17. Nxf6+ Bxf6 18. Rxd6 Bxe4 19. Qe2 Bxf3 20. Qxf3 Qxf3
21. gxf3 Rxb2 22. Ra6 Bd4 23. Rxa7 Bxe3 24. fxe3 Re2 25. e4 Rc2 26. Ra4 Rd8 27.
Rf2 Rd1+ 28. Kg2 Rcc1 29. Kg3 g5 30. Kg4 h6 31. Rg2 Kg7 32. h4 Rh1 33. hxg5 h5+
34. Kf4 h4 35. Rg4 Rcg1 36. Ra5 h3 37. Rh4 Rg2 38. Ra8 f6 39. Ra7+ Kg8 40. gxf6
h2 41. f7+ Kg7 42. Rh8 Rg4+ 43. Kxg4 Rg1+ 44. Kf4 h1=Q 45. f8=Q+ Kg6 46. Qg7#
1-0

[Event "Ä13Ï"]
[Site "Loo"]
[Date "2017.04.22"]
[Round "3.22"]
[White "Òóëàåâà, Ìàðèÿ."]
[Black "Ôîðîñòÿíàÿ, Ñîôèÿ."]
[Result "1-0"]
[WhiteElo "1418"]
[BlackElo "1179"]
[PlyCount "103"]
[EventDate "2017.04.20"]

1. e4 e5 2. Nf3 Nc6 3. d4 exd4 4. Nxd4 Bc5 5. Be3 Qf6 6. c3 Nge7 7. Qd2 h6 8.
f4 d6 9. Bb5 Bd7 10. O-O a6 11. Bxc6 Nxc6 12. Nxc6 Bxe3+ 13. Qxe3 Bxc6 14. Nd2
O-O 15. Rae1 Rfe8 16. Qd4 Qxd4+ 17. cxd4 d5 18. e5 f5 19. Rf3 Kf7 20. Rc1 Rac8
21. Rfc3 Re7 22. Nb3 Bb5 23. Na1 a5 24. Rc5 Bc4 25. b3 b6 26. Rc6 Bb5 27. Rxb6
cxb6 28. Rxc8 Re8 29. Rxe8 Kxe8 30. Nc2 Ke7 31. Ne3 Ke6 32. Kf2 Bd3 33. h3 g5
34. g3 b5 35. a3 b4 36. axb4 axb4 37. Ke1 Be4 38. Kd2 gxf4 39. gxf4 h5 40. h4
Kd7 41. Nf1 Bf3 42. Ne3 Be4 43. Nd1 Ke6 44. Nb2 Kd7 45. Na4 Kc6 46. Nc5 Kc7 47.
Na6+ Kb6 48. Nxb4 Kb5 49. e6 Kxb4 50. e7 Kxb3 51. e8=Q Kc4 52. Qa4# 1-0

[Event "Ä13Ï"]
[Site "Loo"]
[Date "2017.04.22"]
[Round "3.23"]
[White "Êóëìàãàìáåòîâà, Àéøà."]
[Black "Ëóá÷åíêîâà, Àíàñòàñèÿ."]
[Result "1-0"]
[WhiteElo "1289"]
[BlackElo "1413"]
[PlyCount "109"]
[EventDate "2017.04.20"]

1. e4 e5 2. Nf3 Nc6 3. Bc4 Be7 4. Nc3 Nf6 5. d3 d6 6. h3 O-O 7. O-O Be6 8. Bb5
a6 9. Bxc6 bxc6 10. Be3 Nd7 11. d4 f6 12. b3 d5 13. dxe5 fxe5 14. exd5 cxd5 15.
Nxd5 Bd6 16. Nc3 Qe8 17. Ne4 Be7 18. Bg5 Bxg5 19. Nexg5 Bf5 20. Qd5+ Kh8 21. c4
Rd8 22. Qc6 Qg6 23. Qxg6 Bxg6 24. Ne6 Rxf3 25. Nxd8 Rf8 26. Ne6 Rc8 27. Rad1
Be8 28. f4 exf4 29. Rxf4 Nf6 30. Rd8 Rxd8 31. Nxd8 Kg8 32. Ne6 c6 33. Nc7 Bd7
34. Nxa6 Kf7 35. Nc5 Bc8 36. Ne4 Ke6 37. Nxf6 gxf6 38. Rh4 Kd6 39. Rxh7 Ke6 40.
Ra7 Kd6 41. b4 c5 42. b5 f5 43. a4 f4 44. b6 Kc6 45. a5 Kd6 46. b7 Bxb7 47.
Rxb7 Kc6 48. a6 Kd6 49. a7 Kc6 50. a8=Q Kd6 51. Qe8 f3 52. Rd7+ Kc6 53. Qc8+
Kb6 54. Rb7+ Ka6 55. Qa8# 1-0

[Event "Ä13Ï"]
[Site "Loo"]
[Date "2017.04.22"]
[Round "3.25"]
[White "Êèñåëåâà, Àëèíà."]
[Black "Ïåõîòî, Àëåêñàíäðà."]
[Result "1/2-1/2"]
[WhiteElo "1377"]
[BlackElo "1101"]
[PlyCount "82"]
[EventDate "2017.04.20"]

1. e4 e6 2. d4 d5 3. Nd2 Nf6 4. e5 Nfd7 5. Bd3 c5 6. c3 Qb6 7. Ne2 Nc6 8. Nf3
f6 9. exf6 Nxf6 10. O-O Bd6 11. Rb1 O-O 12. Re1 e5 13. dxe5 Nxe5 14. Nxe5 Bxe5
15. Bf4 Bxf4 16. Nxf4 Qd6 17. Ne2 Re8 18. Ng3 Bd7 19. Qd2 a6 20. Rbd1 Rxe1+ 21.
Rxe1 Re8 22. Rxe8+ Nxe8 23. Ne2 Nf6 24. h3 Qe7 25. Nf4 Qd6 26. Be2 Qe5 27. Nd3
Qd6 28. Qe3 Bf5 29. Bd1 Bxd3 30. Qxd3 Qe5 31. Kf1 b5 32. Bf3 Qd6 33. Kg1 Qe6
34. Qd2 Qd6 35. Qe3 Qc6 36. Qe7 Qb6 37. Qe5 Qc6 38. Qe3 Qd6 39. Be2 Ne4 40. Bf3
Nf6 41. Be2 Ne4 1/2-1/2

[Event "Ä13Ï"]
[Site "Loo"]
[Date "2017.04.22"]
[Round "3.29"]
[White "Øåâöîâà, Ñòåôàíèÿ."]
[Black "Áàðàíîâà, Åëèçàâåòà."]
[Result "0-1"]
[WhiteElo "1096"]
[BlackElo "1632"]
[PlyCount "100"]
[EventDate "2017.04.20"]

1. e4 d5 2. exd5 Qxd5 3. Nc3 Qa5 4. Bc4 Nf6 5. d4 Nc6 6. Nf3 Bg4 7. O-O O-O-O
8. Bxf7 Nxd4 9. Bd2 Qf5 10. Nxd4 Rxd4 11. f3 Bh5 12. g4 Qc5 13. Be6+ Kb8 14.
Be3 Rxd1 15. Bxc5 Rxf1+ 16. Rxf1 Be8 17. Rd1 b6 18. Rd8+ Kb7 19. Ba3 a6 20. Nd5
Bg6 21. Nxf6 gxf6 22. Bxe7 Bg7 23. Rxh8 Bxh8 24. c3 Bg7 25. Kf2 Be8 26. Ke3 c5
27. Ke4 Kc6 28. Kf5 h5 29. g5 fxg5 30. Kxg5 b5 31. b3 Bxc3 32. f4 Bd2 33. Kf5
Be3 34. Ke4 Bg1 35. h3 Bh2 36. f5 Bd6 37. Bd5+ Kd7 38. Bxd6 Kxd6 39. f6 Bg6+
40. Kf4 Kxd5 41. Kg5 Bf7 42. Kf5 c4 43. bxc4+ bxc4 44. Kg5 c3 45. Kh6 c2 46.
Kg7 Ke6 47. a4 c1=Q 48. h4 Qg1+ 49. Kh7 Qg3 50. Kh8 Qg8# 0-1

[Event "Ä13Ï"]
[Site "Loo"]
[Date "2017.04.22"]
[Round "3.30"]
[White "Äîí÷åíêî, Åêàòåðèíà."]
[Black "Ïåòðîâà, Àíæåëèêà."]
[Result "1-0"]
[WhiteElo "1534"]
[BlackElo "1241"]
[PlyCount "161"]
[EventDate "2017.04.20"]

1. c4 e5 2. Nc3 Nf6 3. g3 d5 4. cxd5 Nxd5 5. Bg2 Nb6 6. Nf3 Nc6 7. O-O Be7 8.
a3 O-O 9. b4 Re8 10. b5 Nd4 11. Nxe5 Bf6 12. Nf3 Nxe2+ 13. Nxe2 Bxa1 14. d4 Qd7
15. a4 c5 16. bxc6 Qxc6 17. Be3 Bc3 18. Ne5 Qc7 19. Qc2 f6 20. Nd3 Bd7 21. Qxc3
Qxc3 22. Nxc3 Rac8 23. Nb5 Bxb5 24. axb5 Re7 25. Nc5 Rb8 26. Bf4 Rd8 27. Rd1
Nd5 28. Bd2 b6 29. Nd3 Rdd7 30. Kf1 Kf7 31. Rc1 Nc7 32. Bb4 Nxb5 33. Bxe7 Rxe7
34. Bd5+ Kg6 35. Nf4+ Kf5 36. Rc4 g5 37. Ne2 Rc7 38. Ra4 Nd6 39. f3 h5 40. Ba2
Kg6 41. Kf2 g4 42. Bb1+ Kf7 43. Nf4 gxf3 44. Bg6+ Kg8 45. Bxh5 Rc2+ 46. Kxf3 a5
47. h3 Rc3+ 48. Kg4 f5+ 49. Kh4 Ne4 50. Ne2 Rc6 51. g4 fxg4 52. d5 Rh6 53. Rxe4
gxh3 54. Re3 h2 55. Rh3 Kf8 56. Rxh2 Ke7 57. Nf4 Rd6 58. Rb2 Kf6 59. Bg4 Ke5
60. Kg3 Kd4 61. Be6 Kc4 62. Ng2 Kc3 63. Rb1 Kc2 64. Bf5+ Kc3 65. Ne3 a4 66. Bc2
Rd8 67. Bxa4 Kd3 68. Rb3+ Ke4 69. Bc6 Rg8+ 70. Kf2 Rf8+ 71. Ke2 Rh8 72. Rb4+
Ke5 73. Rxb6 Rh2+ 74. Kd3 Ra2 75. Nc4+ Kf5 76. d6 Ra1 77. d7 Rd1+ 78. Nd2 Ra1
79. d8=Q Ra3+ 80. Rb3 Rxb3+ 81. Nxb3 1-0

[Event "Ä13Ï"]
[Site "Loo"]
[Date "2017.04.22"]
[Round "3.31"]
[White "Ãàíüæèíà, Ìàðèÿ."]
[Black "Èâàíîâà, Äàðüÿ."]
[Result "1-0"]
[WhiteElo "1408"]
[BlackElo "1224"]
[PlyCount "123"]
[EventDate "2017.04.20"]

1. e4 e5 2. Nf3 Nc6 3. d4 exd4 4. Nxd4 Nce7 5. Nc3 Nf6 6. Bc4 d5 7. exd5 Nexd5
8. Nxd5 Nxd5 9. Qf3 Nf6 10. Qe2+ Be7 11. Be3 O-O 12. O-O-O Qe8 13. h3 Bc5 14.
Rhe1 Bd7 15. Nb3 Bb6 16. g4 Bc6 17. Nd4 Ba5 18. Bd2 Bxd2+ 19. Qxd2 Qd7 20. Nf5
Qxd2+ 21. Rxd2 Bg2 22. Rg1 Be4 23. Ne7+ Kh8 24. g5 Ne8 25. Bd5 Bg6 26. Bxb7 Rb8
27. Nxg6+ fxg6 28. Bc6 Nd6 29. b3 Rb6 30. Bg2 Rfb8 31. Rgd1 Kg8 32. c4 Nf7 33.
Bd5 Kf8 34. Bxf7 Kxf7 35. Rd7+ Ke6 36. Rxg7 Rf8 37. Re1+ Kd6 38. Re2 Rh8 39.
c5+ Kxc5 40. Rxc7+ Rc6 41. Rxc6+ Kxc6 42. Re7 Kb6 43. Kd2 Rd8+ 44. Ke3 Rh8 45.
Kf4 Kc5 46. Rxa7 Rb8 47. Kf3 Rh8 48. a3 Kb6 49. Rg7 Kc6 50. a4 Rb8 51. Rxh7
Rxb3+ 52. Kg2 Ra3 53. Rg7 Rxa4 54. Rxg6+ Kd7 55. h4 Ke7 56. h5 Ra1 57. h6 Kf7
58. Rb6 Ra8 59. g6+ Kg8 60. Rb7 Kh8 61. f4 Ra1 62. Rb8# 1-0

[Event "Ä13Ï"]
[Site "Loo"]
[Date "2017.04.22"]
[Round "3.32"]
[White "Êèðüÿíîâà, Åâãåíèÿ."]
[Black "Ïàõîìîâà, Òàòüÿíà."]
[Result "0-1"]
[WhiteElo "1198"]
[BlackElo "1394"]
[PlyCount "111"]
[EventDate "2017.04.20"]

1. c4 e6 2. Nc3 d5 3. cxd5 exd5 4. e3 Nf6 5. g3 c6 6. Bg2 Bd6 7. Nge2 O-O 8.
O-O Bf5 9. f4 Re8 10. Nd4 Bd3 11. Re1 c5 12. Ndb5 Nc6 13. Nxd6 Qxd6 14. a3 d4
15. Na2 Rab8 16. b4 dxe3 17. dxe3 Nd4 18. bxc5 Qxc5 19. Qxd3 Nc2 20. Bb2 Nxa1
21. Bxa1 Rbd8 22. Bd4 Rxd4 23. exd4 Rxe1+ 24. Kf2 Qe7 25. Bf3 Ra1 26. Qd2 Qxa3
27. Nc3 Qc1 28. Qxc1 Rxc1 29. Ne4 Nxe4+ 30. Bxe4 b5 31. d5 b4 32. Ke2 a5 33.
Kd2 Rc8 34. Bc2 Rxc2+ 35. Kxc2 Kf8 36. Kb3 Ke8 37. Kc4 Kd7 38. h3 Kd6 39. g4 b3
40. Kxb3 Kxd5 41. Ka4 Ke4 42. f5 Kf4 43. Kxa5 Kg3 44. Kb6 Kxh3 45. Kc7 Kxg4 46.
Kd7 Kxf5 47. Ke7 h5 48. Kxf7 h4 49. Kxg7 h3 50. Kf7 h2 51. Ke7 h1=Q 52. Kd6 Qe4
53. Kc5 Qd3 54. Kc6 Qe4+ 55. Kc7 Ke6 56. Kc8 0-1

[Event "Ä13Ï"]
[Site "Loo"]
[Date "2017.04.22"]
[Round "3.33"]
[White "×àðêèíà, Ìàðèÿ."]
[Black "Ìóñòàôèíà, Þëèàíà."]
[Result "1-0"]
[WhiteElo "1151"]
[BlackElo "1361"]
[PlyCount "67"]
[EventDate "2017.04.20"]

1. e4 e5 2. d4 exd4 3. c3 dxc3 4. Bc4 Bb4 5. Nxc3 d6 6. Nf3 Nf6 7. O-O h6 8. e5
Ng4 9. exd6 O-O 10. dxc7 Qxc7 11. Qb3 Bc5 12. Nd5 Qd6 13. Bf4 Qd8 14. Nc7 Bd6
15. Bxd6 Qxd6 16. Nxa8 Nc6 17. h3 Nge5 18. Nxe5 Qxe5 19. Rfe1 Qb8 20. Nb6 axb6
21. Qxb6 Qf4 22. Rad1 Qg5 23. Qe3 Qf6 24. Qc3 Qf4 25. Re3 Rd8 26. Rde1 Bf5 27.
Re8+ Rxe8 28. Rxe8+ Kh7 29. Bxf7 Be4 30. Bg8+ Kg6 31. Re6+ Kf5 32. g4+ Kg5 33.
Qxg7+ Kh4 34. Rxh6+ 1-0

[Event "Ä13Ï"]
[Site "Loo"]
[Date "2017.04.22"]
[Round "3.34"]
[White "Áåëîçåðîâà, Îëüãà."]
[Black "Âåòîõèíà, Ñîôüÿ."]
[Result "0-1"]
[WhiteElo "1111"]
[BlackElo "1333"]
[PlyCount "62"]
[EventDate "2017.04.20"]

1. d4 d5 2. c4 e6 3. Nf3 f5 4. g3 Nf6 5. Bg2 c6 6. Qc2 Be7 7. O-O O-O 8. cxd5
exd5 9. Bf4 Ne4 10. Nc3 Nd7 11. Nxe4 fxe4 12. Nd2 Bg5 13. Bxg5 Qxg5 14. f4 Qh5
15. e3 Nf6 16. Qd1 Qh6 17. Qe2 Bg4 18. Qf2 Bh3 19. Bxh3 Qxh3 20. Qg2 Qh5 21. h3
Nd7 22. Rab1 g5 23. b4 gxf4 24. Rxf4 Rxf4 25. gxf4+ Kh8 26. Kh2 Rg8 27. Qf2 Nf6
28. Kh1 Qxh3+ 29. Qh2 Qxe3 30. Nb3 Qf3+ 31. Qg2 Qxg2# 0-1

[Event "Ä13Ï"]
[Site "Loo"]
[Date "2017.04.22"]
[Round "3.35"]
[White "Êîðæîâà, Ëèäèÿ."]
[Black "Ñîáëèðîâà, Ñàáèíà."]
[Result "1/2-1/2"]
[WhiteElo "1295"]
[BlackElo "1114"]
[PlyCount "119"]
[EventDate "2017.04.20"]

1. e4 e6 2. d4 d5 3. Nc3 Nf6 4. Bd3 c5 5. e5 Nfd7 6. Be3 Nc6 7. Qg4 cxd4 8.
Bxd4 Ndxe5 9. Qg3 Nxd3+ 10. Qxd3 e5 11. Bxe5 Nxe5 12. Qe2 Bd6 13. f4 O-O 14.
fxe5 Bxe5 15. O-O-O Bxc3 16. bxc3 Qg5+ 17. Rd2 Bg4 18. Nf3 Bxf3 19. Qxf3 Rad8
20. h4 Qe5 21. Rhd1 Qe7 22. Rxd5 Rxd5 23. Qxd5 Qa3+ 24. Kd2 Qe7 25. Kc1 b6 26.
g3 Qe3+ 27. Kb2 Qxg3 28. Qd8 h6 29. Qe7 Rc8 30. Rd8+ Rxd8 31. Qxd8+ Kh7 32. Qe7
a5 33. Qxf7 Qxh4 34. Qf5+ Kg8 35. Qe6+ Kf8 36. Qxb6 Qg5 37. Qd6+ Qe7 38. Qf4+
Kg8 39. Qc4+ Kh7 40. Qd3+ g6 41. Qb5 Qc7 42. a3 h5 43. Qa4 Qb7+ 44. Ka2 Qc7 45.
Kb2 Qd8 46. Qb3 h4 47. Qb7+ Kh6 48. Qe4 Qb8+ 49. Ka2 Qg3 50. c4 h3 51. c5 Qg2
52. Qh4+ Kg7 53. Qe7+ Kh8 54. Qe8+ Kg7 55. Qe7+ Kg8 56. Qe8+ Kh7 57. Qe7+ Kg8
58. Qe8+ Kg7 59. Qe7+ Kh8 60. Qe8+ 1/2-1/2

[Event "Ä13Ï"]
[Site "Loo"]
[Date "2017.04.22"]
[Round "3.38"]
[White "Øïóíò, Åëåíà."]
[Black "Âîëîáóåâà, Àíàñòàñèÿ."]
[Result "1-0"]
[WhiteElo "1346"]
[BlackElo "1137"]
[PlyCount "23"]
[EventDate "2017.04.20"]

1. e4 e5 2. Nf3 Nc6 3. Bc4 h6 4. h3 Nf6 5. d3 Bc5 6. Nc3 d6 7. Be3 Bb6 8. O-O
Be6 9. Bb3 O-O 10. d4 exd4 11. Nxd4 Nxd4 12. Bxd4 {äàëåå çàïèñü íåðàçáîð~~èâà}
1-0

[Event "Ä13Ï"]
[Site "Loo"]
[Date "2017.04.22"]
[Round "3.39"]
[White "Áîæåíîâà, Âåðîíèêà."]
[Black "Ñàðåöÿí, Ìèëåíà."]
[Result "1-0"]
[WhiteElo "1283"]
[BlackElo "1134"]
[PlyCount "62"]
[EventDate "2017.04.20"]

1. e4 e5 2. Nf3 Nc6 3. Bb5 a6 4. Ba4 Nf6 5. d3 d6 6. c3 b5 7. Bb3 Na5 8. Bc2 c5
9. Nbd2 Be6 10. O-O d5 11. Nxe5 Bd6 12. Nef3 Bc7 13. Qe2 Bg4 14. exd5+ Kf8 15.
h3 Bxf3 16. Nxf3 Qxd5 17. Bg5 Qd6 18. Bxf6 gxf6 19. Rfe1 Kg7 20. Qd2 c4 21. d4
Rhg8 22. Re4 f5 23. Re5 Kh8 24. Rxf5 Qg6 25. Rg5 Qd6 26. Ne5 Qf6 27. Rf5 Qe7
28. Rxf7 Rxg2+ 29. Kxg2 Rg8+ 30. Kh1 Qh4 31. Rxh7+ Qxh7 1-0

[Event "Ä13Ï"]
[Site "Loo"]
[Date "2017.04.22"]
[Round "3.40"]
[White "Ñîêîëîâà, Åêàòåðèíà."]
[Black "Èâàíîâà, ßðîñëàâà."]
[Result "1/2-1/2"]
[WhiteElo "1125"]
[BlackElo "1238"]
[PlyCount "79"]
[EventDate "2017.04.20"]

1. e4 c5 2. Nf3 d6 3. d4 cxd4 4. Nxd4 Nf6 5. Nc3 a6 6. Bd3 e6 7. O-O Be7 8. Be3
O-O 9. Nf3 Nc6 10. Na4 b5 11. Nb6 Rb8 12. Nxc8 Rxc8 13. c3 Qd7 14. Qc2 h6 15.
a3 Qb7 16. Nd2 Ne5 17. Be2 Rfd8 18. Bd4 Nc6 19. Be3 Ne5 20. f3 Ned7 21. Nb3 Nc5
22. Nd4 d5 23. e5 Nfd7 24. f4 Qa8 25. Nb3 Nxb3 26. Qxb3 Nc5 27. Qc2 Ne4 28. Qd3
Bc5 29. a4 Bxe3+ 30. Qxe3 Qc6 31. axb5 axb5 32. Qd3 Qc4 33. Ra5 Qc5+ 34. Qd4
Qxd4+ 35. cxd4 Rc2 36. Bxb5 Rxb2 37. Bc6 Rc2 38. Bb5 Rb2 39. Bc6 Rc2 40. Bb5
1/2-1/2